| 000 | 00927nam a22002657a 4500 | ||
|---|---|---|---|
| 003 | EG-ScBUE | ||
| 005 | 20211122122858.0 | ||
| 008 | 110803s1974 cc f 00000j ara d | ||
| 040 |
_aEG-ScBUE _bara _erda _cEG-ScBUE _dEG-ScBUE |
||
| 082 | 0 | 4 |
_a895.1 _bل و ش _222 |
| 100 | 0 |
_926544 _aلو، شيون، _d1881-1936، _eمؤلف. |
|
| 245 | 1 | 0 | _aقصص لوشيون المختارة. |
| 250 | _aالطبعة الثانية. | ||
| 264 | 1 |
_aبكين : _bدار النشر باللغات الأجنبية، _c1974. |
|
| 300 |
_a391 صفحة ؛ _c22 سم |
||
| 336 |
_2rdacontent _aنص _btxt |
||
| 337 |
_2rdamedia _aبدون وسيط _bn |
||
| 338 |
_2rdacarrier _aمجلد _bnc |
||
| 541 |
_aعلاء عبد الغني ؛ _cإهداء ؛ |
||
| 650 | 7 |
_926543 _aالقصص الصينية _yقرن 20. _2BUEsh |
|
| 651 | _2BUEsh | ||
| 653 |
_bHHUUCCHH _cNovember2021 |
||
| 655 |
_vReading book _934232 |
||
| 942 |
_2ddc _cBB |
||
| 999 |
_c15780 _d15780 |
||